| 000 | 01325nam0a22002771 4500 | ||
|---|---|---|---|
| 001 | rc\362206 | ||
| 005 | 20030307123431.4 | ||
| 035 | _a(NLR Aleph) 005593005 | ||
| 090 |
_a6232459 _c6232458 |
||
| 100 | _a20030307d1989 u |0rusy50 ca | ||
| 101 | 0 | _arus | |
| 102 | _aRU | ||
| 105 | _aa ||||||||| | ||
| 200 | 1 |
_aНовый хозяйственный механизм в социально-культурной сфере _fН.К. Ваганова, А.И. Дымникова, Е.П. Муравьев |
|
| 210 |
_aМинск _cБелНИИНТИ _d1989 |
||
| 215 |
_a44 с. _cсхем. _d20 |
||
| 225 | 1 |
_aОбзорная информация _fБелорус. НИИ НТИ и техн.-экон. исслед. Госплана БССР _hСерия 06.75.13 _i"Управление, планирование, программирование и прогнозирование отраслей народного хозяйства" |
|
| 320 | _aБиблиогр.: с. 41-43 | ||
| 700 | 1 |
_aВаганова _bН. К. _gНаталья Константиновна |
|
| 701 | 1 |
_aДымникова _bА. И. _gАнна Иосифовна |
|
| 701 | 1 |
_aМуравьев _bЕ. П. _gЕвгений Петрович |
|
| 801 | 0 |
_aRU _bNLR _gpsbo |
|
| 801 | 1 |
_aRU _bELAR _2rusmarc |
|
| 852 |
_aNLR _j90-4/18 |
||
| 942 | _cBOOK | ||
| 980 | _aNB | ||